| 000 | 00555nam a22001817a 4500 | ||
|---|---|---|---|
| 005 | 20230222014354.0 | ||
| 008 | 230222b |||||||| |||| 00| 0 eng d | ||
| 020 | _a0-451-20743-2 | ||
| 082 | _aFic. L265 2002 | ||
| 100 |
_aLane, Allison _eauthor |
||
| 245 |
_aKindred spirits / _cAllison Lane |
||
| 260 |
_aNew York: _bSignet Book, _cc2002. |
||
| 300 | _a218p. | ||
| 541 | _e5319 | ||
| 650 | _aMan-woman relationships | ||
| 650 | _aNapoleonic Wars, 1800-1815 - Veterans - Fiction | ||
| 650 | _aGreat Britain - History - George III, 1760-1820 - Fiction | ||
| 999 |
_c1353 _d1353 |
||